Hacia una mayor humanización de la bioética /

Na minha lista:
Detalhes bibliográficos
Autor principal: Valverde Brenes, Francisco J.
Formato: Texto
Assuntos:
Tags: Adicionar Tag
Sem tags, seja o primeiro a adicionar uma tag!

MARC

LEADER 00000 a a2200000 04500
001 8752
003
040
100 |a Valverde Brenes, Francisco J.  
245 |a Hacia una mayor humanización de la bioética /  |c Francisco J. Valverde Brenes 
500 |a Reseña de: Etica y salud. San José, EUNED, 1997  
650 |a ETICA  
650 |a SISTEMAS DE VALORES  
650 |a CIENCIA Y TECNOLOGIA  
650 |a RESPONSABILIDAD  
650 |a DESARROLLO HUMANO  
773 |g volumen 1, número 1; páginas 119-129  
999 |c 27946  |d 27946